Complete course in english
Enregistré dans:
| Auteur principal: | |
|---|---|
| Format: | Livre |
| Langue: | Undetermined |
| Publié: |
New York, Estados Unidos
Latin American
1955
|
| Sujets: | |
| Tags: |
Ajouter un tag
Pas de tags, Soyez le premier à ajouter un tag!
|
MARC
| LEADER | 00000nam a2200000Ia 4500 | ||
|---|---|---|---|
| 008 | 170316s9999 xx 000 0 und d | ||
| 090 | |a 415-I D-7c | ||
| 100 | |a Dixon, Robert | ||
| 245 | |a Complete course in english | ||
| 260 | |a New York, Estados Unidos | ||
| 260 | |b Latin American | ||
| 260 | |c 1955 | ||
| 300 | |a 286 páginas | ||
| 650 | |a GRAMÁTICA INGLESA | ||
| 999 | |c 19345 |d 19345 | ||
| 040 | |a cru BVZT | ||
| 942 | |c 15 D |h 415-I D-7c |2 z | ||
